000 00311nam a2200121Ia 4500
008 190216s9999||||xx |||||||||||||| ||und||
100 _aTeja Ed
 Laura Johnson
245 0 _aIbm Pc And Ps/2 Graphics Hand Book
260 _bMicroteck Pubs Dubai
_c1990
300 _a419 p-
650 _aComputer
942 _cBK
999 _c8550
_d8550